Profetas verdaderos, profetas falsos

Kaydedildi:
Detaylı Bibliyografya
Asıl Yazarlar: González, Angel (Yazar), Rad, Gerhard von (Yazar)
Diğer Yazarlar: Lohfink, Norbert (autor)
Materyal Türü: Kitap
Dil:İspanyolca
Baskı/Yayın Bilgisi: Salamanca Sígueme 1976
Seri Bilgileri:Biblioteca de Estudios Bíblicos, 16
Konular:
Etiketler: Etiketle
Etiket eklenmemiş, İlk siz ekleyin!

MARC

LEADER 00000cam a2200000 a 4500
001 UCL5350
003 CL-VaPUC
008 040312e19760000SP |||||||||||||||||spa|d
020 |a 8430104291 
082 0 4 |a 200.92  |b GON  |2 21 
100 0 |a González, Angel  |e author  |9 390041 
700 |a Lohfink, Norbert  |e autor  |9 545516 
700 0 |a Rad, Gerhard von  |e author  |9 483072 
245 1 0 |a Profetas verdaderos, profetas falsos 
300 |a 169 p 
942 |c BK 
945 |d 20040312 00:00:00  |a vberengu 
260 |a Salamanca  |b Sígueme  |c 1976 
600 0 7 |a RAD, GERHARD VON 1901-1971  |2 CL-VaPUC  |9 483073 
600 0 7 |a AMOS, EL PROFETA  |2 CL-VaPUC  |9 320681 
600 0 7 |a AMASIAS  |2 CL-VaPUC  |9 483074 
600 0 7 |a JEREMISA  |2 CL-VaPUC  |9 483075 
600 0 7 |a ANANIAS  |2 CL-VaPUC  |9 483076 
600 0 7 |a SEMEYAS  |2 CL-VaPUC  |9 483077 
650 0 |a Profetas  |9 314377 
650 7 |a PROFETAS MAYORES  |2 CL-VaPUC  |9 483078 
650 7 |a PROFETAS MENORES  |2 CL-VaPUC  |9 397922 
583 |a last modification  |c 20150515 03:49:53  |k Rodrigo Vera 
490 0 |a Biblioteca de Estudios Bíblicos, 16 
999 |c 307959  |d 307957 
952 |0 0  |1 0  |4 0  |6 200_920000000000000_GON_1976  |7 0  |8 A  |9 374149  |a BIBTEO  |b BIBTEO  |d 2019-11-21  |i 2104962  |o 200.92 GON 1976  |p 2104962  |r 2025-01-17  |w 2019-11-21  |y BK  |k ICR 
952 |0 0  |1 2  |4 0  |6 200_920000000000000_GON_1976  |7 0  |8 A  |9 374150  |a BIBTEO  |b BIBTEO  |d 2019-11-21  |i 2104970  |o 200.92 GON 1976  |p 2104970  |r 2019-11-21  |w 2019-11-21  |x Descarte 2019  |y BK  |k ICR 
952 |0 0  |1 0  |3 erb  |4 0  |6 200_920000000000000_GON_1976  |7 0  |8 A  |9 374151  |a BIBTEO  |b BIBTEO  |e Casale Rolle, Carlos Ignacio, -2014  |i 5181216  |o 200.92 GON 1976  |p 5181216  |r 2025-01-17  |w 2019-11-21  |y BK  |z Catalogado en:20150520  |k ICR